000 00579cam a2200145 4500500
005 20260201175224.0
041 _afre
042 _adc
100 1 0 _aKaplanian, Patrick
_eauthor
245 0 0 _aBernard Sellato, Innermost Borneo: Studies in Dayak Cultures, Paris, SevenOrients / Singapore, Singapore University Press, 2002, 221 p., bibl., ill., fig., tabl., cartes
260 _c2004.
500 _a89
786 0 _nL'Homme | 170 | 2 | 2004-04-01 | p. 253t-327t | 0439-4216
856 4 1 _uhttps://shs.cairn.info/revue-l-homme-2004-2-page-253t?lang=fr&redirect-ssocas=7080
999 _c1643435
_d1643435